Equidad, desarrollo y participación social: reflexiones en torno a la alfabetización y la educación básica de adultos
Salvato in:
| Enti autori: | , |
|---|---|
| Natura: | Libro |
| Lingua: | spagnolo |
| Pubblicazione: |
Lima
Ministerio de Educación
2001
|
| Soggetti: | |
| Tags: |
Aggiungi Tag
Nessun Tag, puoi essere il primo ad aggiungerne!!
|
MARC
| LEADER | 00000cam a2200000 a 4500 | ||
|---|---|---|---|
| 001 | UCF0974 | ||
| 003 | CL-VaPUC | ||
| 005 | 20230628170858.0 | ||
| 008 | 120614e20010000pe 1 spa d | ||
| 020 | |a 9972845087 | ||
| 082 | 0 | 4 | |a 374.012 |b UNE |2 21 |
| 110 | 2 | |a UNESCO |e author |9 621885 | |
| 710 | 2 | |a Ministerio de Educación |e author |9 621886 | |
| 245 | 1 | 0 | |a Equidad, desarrollo y participación social: reflexiones en torno a la alfabetización y la educación básica de adultos |
| 260 | |a Lima |b Ministerio de Educación |c 2001 | ||
| 300 | |a 163 p | ||
| 583 | |a last modification |c 20190910 10:46:23 |k Rodrigo Vera | ||
| 650 | 0 | 0 | |a Alfabetización |9 310435 |
| 650 | 0 | 0 | |a Alfabetización de adultos |9 310117 |
| 650 | 0 | 0 | |a Lingüística |9 265068 |
| 942 | |c BK | ||
| 945 | |a dcastane |d 20120614 00:00:00 | ||
| 546 | |a En Español | ||
| 536 | |a Ministerio de Educación | ||
| 536 | |a UNESCO | ||
| 536 | |a Instituto EDUCA | ||
| 518 | |p Foro Internacional Equidad Desarrollo y Participación Social, 1, Lima-Perú, 12-14 de marzo de 2001 | ||
| 999 | |c 384678 |d 384676 | ||
| 952 | |0 0 |1 0 |4 0 |6 374_012000000000000_UNE_2001 |7 0 |8 A |9 507546 |a BIBEDU |b BIBEDU |d 2020-01-23 |i 4838807 |o 374.012 UNE 2001 |p 4838807 |r 2020-01-23 |w 2020-01-23 |y BK |k EPE | ||